| Tag |
First Indicator |
Second Indicator |
Subfields |
| LEADER |
00000cam a2200000 i 4500 |
| 001 |
in00003337708 |
| 005 |
20130805140022.0 |
| 008 |
130424s2013 scua b 000 0 eng |
| 010 |
|
|
|a 2013015695
|
| 035 |
|
|
|a (OCoLC)ocn827261425
|
| 040 |
|
|
|a DLC
|e rda
|c DLC
|
| 020 |
|
|
|a 9781609491673
|
| 020 |
|
|
|a 160949167X
|
| 043 |
|
|
|a n-us-ny
|
| 050 |
0 |
0 |
|a GV1624.5.S27
|b L56 2013
|
| 082 |
0 |
0 |
|a 792.809747/48
|2 23
|
| 049 |
|
|
|a TXAM
|
| 100 |
1 |
|
|a Limoli, Denise.
|
| 245 |
1 |
0 |
|a Dance in Saratoga Springs /
|c Denise Warner Limoli.
|
| 264 |
|
1 |
|a Charleston, S.C. :
|b History Press,
|c 2013.
|
| 300 |
|
|
|a 186 pages :
|b illustrations ;
|c 23 cm.
|
| 336 |
|
|
|a text
|b txt
|2 rdacontent
|
| 337 |
|
|
|a unmediated
|b n
|2 rdamedia
|
| 338 |
|
|
|a volume
|b nc
|2 rdacarrier
|
| 504 |
|
|
|a Includes bibliographical references.
|
| 650 |
|
0 |
|a Dance
|z New York (State)
|z Saratoga Springs
|x History.
|
| 650 |
|
0 |
|a Ballet
|z New York (State)
|z Saratoga Springs
|x History.
|
| 650 |
|
0 |
|a Dance schools
|z New York (State)
|z Saratoga Springs
|x History.
|
| 651 |
|
0 |
|a Saratoga Springs (N.Y.)
|x History.
|
| 651 |
|
0 |
|a Saratoga Springs (N.Y.)
|x Social life and customs.
|
| 856 |
4 |
2 |
|3 Contributor biographical information
|u http://catdir.loc.gov/catdir/enhancements/fy1310/2013015695-b.html
|t 0
|
| 856 |
4 |
2 |
|3 Publisher description
|u http://catdir.loc.gov/catdir/enhancements/fy1310/2013015695-d.html
|t 0
|
| 945 |
|
|
|a PromptCat
|
| 946 |
|
|
|a stk
|
| 947 |
|
|
|a A14840638117
|
| 948 |
|
|
|a cataloged
|b h
|c 2013/8/5
|d c
|e dmitchel
|f 2:00:00 pm
|
| 994 |
|
|
|a C0
|b TXA
|
| 999 |
f |
f |
|s d9b1ed64-c399-3470-967a-6642be0884b9
|i 26f7d6ef-585a-3c4c-851f-71d45621c40a
|t 0
|
| 952 |
f |
f |
|p ric
|a Texas A&M University
|b Rellis Campus
|c Joint Library Facility
|d Remote Storage
|t 0
|e GV1624.5.S27 L56 2013
|h Library of Congress classification
|i unmediated -- volume
|m A14840638117
|
| 998 |
f |
f |
|a GV1624.5.S27 L56 2013
|t 0
|l Remote Storage
|